00855nam a2200205 a 450000100100000000500170001000800410002702000150006804000250008308200200010810000460012824500970017426000630027130000280033449000490036250400310041150000730044250000750051565000590059000002334420200930022144.0101202s1995 sp a r 000 0 spa d a8478202862 aDO-SdBNPbspacBNPHU a076.4655bV476c1 aVeras Sanz, Francisco Javier,d1918-2000.10aCien años de ilustraciones en Heraldo de Aragon, 1895-1995 /cFrancisco Javier Veras Sanz. aZaragoza :bInstitución "Fernando el Católico",c1995. a246 p. :bil. ;c21 cm.1 aInstitución "Fernando el Católico"v1753 aBibliografía: p. 235-239 aIncluye referencias bibliográficas y notas al pie de las páginas aIncluye datos biográficos del autor en la solapa y la contracubierta 4aPrensaxHistoriazAragón (España{Rpara}y1895-1995